Kraje kończące się na „IA” według wskazówki - Statystyki

Ogólne statystyki
  • Ten quiz został rozwiązany 14 razy
  • Średni wynik to 9 z 17
Statystyki odpowiedzi
Wskazówka Odpowiedź % Poprawnych
Graniczy z Wielką Brytanią Irlandia
100%
Leży w Alpach Austria
86%
Oddzielił się od Czech w 1993 roku Słowacja
86%
Państwo śródlądowe w Ameryce Południowej Boliwia
79%
Największe państwo pod względem powierzchni w Afryce Algieria
71%
Graniczy z Wenezuelą Kolumbia
71%
Państwo między Holandią, a Francją Belgia
57%
Najbardziej wysunięta na północ państwo bałtyckie Estonia
57%
Jego nazwa zaczyna się od „Saint” Saint Lucia
57%
Największy i najludniejszy z krajów byłej Jugosławii Serbia
57%
Najbardziej wysunięty na wschód państwo na kontynencie afrykańskim Somalia
57%
Najludniejsze państwo w Afryce Nigeria
50%
Od 2011 roku znajduje się w stanie wojny domowej Syria
43%
Po drugiej stronie Adriatyku, od włoskiej „pięty” Albania
29%
Około 30 % produkcji energii elektrycznej w tym europejskim państwie stanowi energia geotermalna Islandia
21%
Szybko rosnąca populacja kraju przekroczyła 100 milionów w 2016 roku Etiopia
14%
30% populacji jest nomadyczna lub półnomadyczna Mongolia
7%
Nie znaleziono quizów pasujących do podanych kryteriów
Rozkład punktacji
Procent ludzi z każdym wynikiem
Percentyl według liczby udzielonych odpowiedzi
Twoja historia wyników
Nie rozwiązałeś tego quizu